000 00256nam a2200097Ia 4500
008 240331s9999 xx 000 0 und d
082 _bRAM
100 _aRamesh,P
245 0 _aSithaivukalin olunkamaivu :
_bpinn naveenathuvap prachchanaip paddugal
942 _cL
999 _c1918
_d1918